Diritto, retorica, politica. La strategia retorica di Cicerona.
Αποθηκεύτηκε σε:
| Κύριος συγγραφέας: | |
|---|---|
| Μορφή: | Βιβλίο |
| Έκδοση: |
Bologna, Italia:
Il Mulino,
1998.
|
| Σειρά: | Collezione di Testi e di Studi. Linguistica e crítica letteraria.
|
| Θέματα: | |
| Ετικέτες: |
Προσθήκη ετικέτας
Δεν υπάρχουν, Καταχωρήστε ετικέτα πρώτοι!
|
MARC
| LEADER | 00000nam a22000007a 4500 | ||
|---|---|---|---|
| 003 | CL-VaPUC | ||
| 005 | 20220822114613.0 | ||
| 008 | 220713t1998 ||||| |||| 00| 0 eng d | ||
| 999 | |c 436960 |d 436958 | ||
| 020 | |a 88-15-05203-6 | ||
| 040 | |c Pontificia Universidad Católica de Valparaíso | ||
| 082 | 7 | |a 875.01 CLA 1998 |2 22 | |
| 100 | 1 | |a Classen, Caerl Joachim |e autor |9 872749 | |
| 245 | |a Diritto, retorica, politica. |b La strategia retorica di Cicerona. | ||
| 260 | |a Bologna, Italia: |b Il Mulino, |c 1998. | ||
| 300 | |a 394 páginas. | ||
| 490 | |a Collezione di Testi e di Studi. |a Linguistica e crítica letteraria. | ||
| 500 | |a c.1 Donación Familia Prof. Alejandro Guzmán Brito. | ||
| 583 | |c 20220713 |k Cristina María Rojas Aguilar | ||
| 600 | 0 | |a Cicerón, Marco Tulio |9 255203 |x Oratoria | |
| 650 | |a Retórica |9 266620 | ||
| 942 | |2 ddc |c BK |n 0 | ||
| 952 | |0 0 |1 0 |2 ddc |4 0 |6 875_010000000000000_CLA_1998 |7 0 |8 C_AGB |9 584695 |a BIBDER |b BIBDER |d 2022-07-13 |e Donación |i 5652770 |o 875.01 CLA 1998 |p 5652770 |r 2023-01-25 |t 1 |w 2022-07-13 |y BK_US |k AGB | ||